Numerical methods for engineers and scientists : An introduction with applications using MATLAB
Ideal for both students and professionals who would like to become more adept at numerical methods, Numerical Methods For Engineers and Scientists familiarizes you with: The mathematical background and fundamentals of numerical methods; Solving nonlinear equations; Solving a system of linear equati...
保存先:
| 第一著者: | |
|---|---|
| フォーマット: | 図書 |
| 言語: | Undetermined |
| 出版事項: |
Hoboken, N.J.
Wiley
2014
|
| 主題: | |
| タグ: |
タグ追加
タグなし, このレコードへの初めてのタグを付けませんか!
|
| Thư viện lưu trữ: | Trung tâm Học liệu Trường Đại học Cần Thơ |
|---|
| LEADER | 01288nam a2200241Ia 4500 | ||
|---|---|---|---|
| 001 | CTU_230486 | ||
| 008 | 210402s9999 xx 000 0 und d | ||
| 082 | |a 518.0285 | ||
| 082 | |b G463 | ||
| 100 | |a Gilat, Amos | ||
| 245 | 0 | |a Numerical methods for engineers and scientists : | |
| 245 | 3 | |b An introduction with applications using MATLAB | |
| 245 | 0 | |c Amos Gilat, Vish Subramaniam | |
| 260 | |a Hoboken, N.J. | ||
| 260 | |b Wiley | ||
| 260 | |c 2014 | ||
| 520 | |a Ideal for both students and professionals who would like to become more adept at numerical methods, Numerical Methods For Engineers and Scientists familiarizes you with: The mathematical background and fundamentals of numerical methods; Solving nonlinear equations; Solving a system of linear equations; Eigenvalues and Eigenvectors; Function approximation, curve fitting, and interpolation; Differentiation; Integration; First-order and higher-order ODEs; Initial and boundary value problems | ||
| 526 | |a Ngôn ngữ lập trình nâng cao | ||
| 526 | |b CN601 | ||
| 650 | |a Phân tích số học,Toán kỹ thuật,Numerical analysis,Engineering mathematics | ||
| 650 | |x Xử lý dữ liệu,Data processing | ||
| 904 | |i Nguyên | ||
| 980 | |a Trung tâm Học liệu Trường Đại học Cần Thơ | ||